Science Quiz

Random Science Quiz

First Names of Scientists Quiz Stats

 Plays Quiz not verified by Sporcle

Score 0/50 Timer 05:00
0 Plays Today
Last name First name % Correct
EinsteinAlbert
90.5%
Da VinciLeonardo
88.9%
DarwinCharles
87.8%
CurieMarie & Pierre
86.9%
HawkingStephen
86.6%
NewtonIsaac
85.9%
PasteurLouis
79.2%
SaganCarl
79.2%
GalileiGalileo
79.1%
FreudSigmund
78.1%
FranklinBenjamin/Rosalind
77.7%
DescartesRene
68.2%
BohrNiels
67.2%
GaussCarl
64.8%
FaradayMichael
61.1%
PlanckMax
58.8%
DaltonJohn
58.6%
OppenheimerJ. Robert
57.8%
CopernicusNicolaus
57.5%
KeplerJohannes
53.8%
FlemingAlexander
53.6%
MendelGregor
51.4%
FermiEnrico
49.2%
ChomskyNoam
49.1%
FeynmanRichard
49%
Last name First name % Correct
RutherfordErnest
43.9%
PaulingLinus
43.7%
PascalBlaise
43.4%
JouleJames
43.3%
BraheTycho
42.6%
MendeleevDmitri
39.5%
PavlovIvan
38.3%
HerschelWilliam
34.8%
CrickFrancis
34.6%
HubbleEdwin
33.8%
CavendishHenry
32.1%
MeadMargaret
29%
ThompsonJ.J.
28.7%
HalleyEdmund
26.9%
KinseyAlfred
26.7%
LavoisierAntoine
26.2%
VoltaAlessandro
24.9%
SkinnerB.F.
24.7%
HeisenbergWerner
23.6%
HuygensChristiaan
18.3%
FahrenheitDaniel
16.5%
HertzHeinrich
13.3%
CelsiusAnders
12.1%
Levi-StraussClaude
11.7%
AvogadroAmadeo
8%

You're not logged in!

Compare scores with friends on all Sporcle quizzes.
OR
Log In

Show Comments

Extras

Top Quizzes Today


Score Distribution

Your Account Isn't Verified!

In order to create a playlist on Sporcle, you need to verify the email address you used during registration. Go to your Sporcle Settings to finish the process.

Report this User

Report this user for behavior that violates our Community Guidelines.

Details: